00601nam a2200169Ia 450000500170000000800410001704000190005804100120007708200190008924501360010826000420024430000160028650400400030265000190034265100600036185000100042120220929140216.0131103s9999 xx 000 0 und d aLoreto College aEnglish a821.7bCOL-BOU aTwentieth century interpretations of the Rime of the ancient Marinerb a collection of critical essays cedited by James D. Boulger aEnglewrod CliffsbPrentice-Hallc1969 a[2],120 p.  aIncludes bibliographical references aEnglish Poetry aCaleridge, Samuel Taylor, 1772-1834 - Poems & Criticism aLCLIB